000 01086nam a2200325 i 4500
003 EG-GICUC
005 20260416111542.0
008 260416s1928 fr ||fr|||| 000 0 fre d
040 _aEG-GiCUC
_bfre
_cEG-GiCUC
_dEG-GiCUC
_eRda
041 0 _afre
082 0 4 _221
_a341.71
_bTI . P
092 0 4 _221
099 _aLaw1 11 341.71 TI . P 1928
100 1 _aTibal
_eAuteur
245 1 0 _aProblèmes Politiques Contemporains De L'europe Orientale /
_cTibal.
264 1 _aParis :
_bInstitut Des Hautes Etudes Internationales,
_c1928.
300 _apagination diverse,
_c24 cm.
336 _2rda contenu
_a texte
337 _2rda medias
_aOrdinateur
338 _2 transporteur rda
_a Ressource en ligne
500 _aEt Centre Européen De La Dotation Carnegie
500 _a1 Leçon Mercredi 14 Novembre 1928 Les Constitutions De L'europe Orientale
504 _a
546 _aTexte en français
650 1 4 _aDroit international public
_2
651 1 _2
856 4 0 _uhttps://fll.law.cu.edu.eg/fulltext/bks/B11-05518.pdf
905 _a48
942 _2ddc
_cBK
_e21
_n0
999 _c71370
_d71370